LEADER 01414nam0-2200409---450 001 990005615740203316 005 20190403124932.0 035 $a000561574 035 $aUSA01000561574 035 $a(ALEPH)000561574USA01 035 $a000561574 100 $a20000209d1995----|||y0itaa50------ba 101 $afre 102 $afr 105 $a0 00||| 200 1 $aEspace et temps$ela cité aristotélicienne de la Politique$fSylvie Vilatte$epréface de Claude Mossé 210 $aBesanþon$c[Université de Besançon]$adiff. par Paris: Les Belles Lettres$d1995 215 $a423 p.$d24 cm. 225 2 $aAnnales Littéraires de l'Université de Besançon. Centre de Recherches d'Histoire Ancienne$v141 311 $aNella serie principale n. 552$9SA0005007 410 0$12001$aAnnales Littéraires de l'Université de Besançon. Centre de Recherches d'Histoire Ancienne$v141 606 $aAristotele. Politica$xTemi[:] Città$2F 620 $dBESACON 676 $a185 700 1$aVILATTE,$bSylvie$0487163 702 1$aMOSSE,$bClaude 801 0$aIT$bSA$c20111219 912 $a990005615740203316 950 0$aDipar.to di Filosofia - Salerno$dDFCC 185 VIL$e3212 FIL 951 $aCC 185 VIL$b3212 FIL 959 $aBK 969 $aFIL 979 $c20121027$lUSA01$h1525 979 $c20121027$lUSA01$h1614 996 $aEspace et temps$91133631 997 $aUNISA NUM $aSA0005008 LEADER 01103nam0 22002773i 450 001 SUN0128822 005 20200511020003.116 010 $a978-88-916294-8-7$d0.00 100 $a20200511d2018 |0itac50 ba 101 $aita 102 $aIT 105 $a|||| ||||| 200 1 $a*Bitcoin e criptovalute$eprofili fiscali, giuridici e finanziari$fRanieri Razzante$ba cura di] ; prefazione di Antonio Laudati 210 $aSantarcangelo di Romagna$cMaggioli$d2018 215 $a74 p.$cill.$d30 cm. 410 1$1001SUN0001316$12001 $aProfessionisti & imprese$1210 $aSantarcangelo di Romagna$cMaggioli. 606 $aBitcoin$2EC$3SUNC035754 620 $dSantarcangelo di Romagna$3SUNL000123 676 $a332.40724$v21 702 1$aRazzante$b, Ranieri$3SUNV008093 712 $aMaggioli$3SUNV000144$4650 801 $aIT$bSOL$c20210118$gRICA 912 $aSUN0128822 950 $aUFFICIO DI BIBLIOTECA DEL DIPARTIMENTO DI ECONOMIA$d03PREST IIIFd7 $e03BDE2124 20200511 996 $aBitcoin e criptovalute$91537831 997 $aUNICAMPANIA LEADER 01654nam 2200373 n 450 001 996393107303316 005 20221108093117.0 035 $a(CKB)1000000000683512 035 $a(EEBO)2248561827 035 $a(UnM)99835994 035 $a(EXLCZ)991000000000683512 100 $a19900821d1639 uy | 101 0 $aeng 135 $aurbn||||a|bb| 200 04$aThe righteous mans tovver. Or, The way to be safe in a case of danger. Published by Ier. Dike, minister of Epping in Essex$b[electronic resource] 210 $aLondon $cPrinted by E[dward] G[riffin] for I. Rothwell, and are to be sold at his shop, at the signe of the Sunne, in S. Pauls Church-yard$d1639 215 $a[32], 115, [3], 112, [2], 86, [2] p 300 $aTitle in a border of double rules. Variant: cancel title page, with a border of single rules. 300 $aPrinter's name from STC. 300 $aThe first and last leaves are blank. 300 $a"The righteous mans honour. Or, Gods fauourite" and "The righteous mans conuersation: or, A life in heaven" have separate dated title pages and pagination; register is continuous. 300 $aReproduction of the original in the British Library. 330 $aeebo-0018 606 $aChristian life$vEarly works to 1800 615 0$aChristian life 700 $aDyke$b Jeremiah$f1584-1639.$01001094 801 0$bCu-RivES 801 1$bCu-RivES 801 2$bCStRLIN 801 2$bWaOLN 906 $aBOOK 912 $a996393107303316 996 $aThe righteous mans tovver. Or, The way to be safe in a case of danger. Published by Ier. Dike, minister of Epping in Essex$92341676 997 $aUNISA LEADER 01123nam 2200337Ia 450 001 996383866603316 005 20221108084439.0 035 $a(CKB)1000000000587477 035 $a(EEBO)2248513795 035 $a(UnM)9928910100971 035 $a(UnM)99899403 035 $a(EXLCZ)991000000000587477 100 $a19980924d1689 uy | 101 0 $aeng 135 $aurbn#|||a|bb| 200 13$aAn abridgment of Christian doctrine$b[electronic resource] $ewith proofs of scripture for points controverted. Catechistically explained, by way of question and answer 205 $aThe fourteenth edition, with additions. 210 $aPrinted at Doway $c[s.n.$d1689] 215 $a[6], 290, 5, [3] p 300 $aBy Henry Turberville. 300 $aImprint from Wing. 300 $aReproduction of original in the Folger Shakespeare Library. 330 $aeebo-0055 700 $aTurberville$b Henry$fd. 1678.$0793399 801 0$bCu-RivES 801 1$bCu-RivES 801 2$bWaOLN 906 $aBOOK 912 $a996383866603316 996 $aAn abridgment of Christian doctrine$92327757 997 $aUNISA LEADER 00980nam a2200289 a 4500 001 991002733959707536 005 20250612152759.0 008 220620s1982 it a gr 001 0 ita d 035 $ab13572003-39ule_inst 040 $aDip.to Filologia Ling. e Lett.$bita$dSocioculturale Scs 082 0 $a927.9 082 04$a791.430230924$223 100 1 $aHuston, John$0626283 240 13$aAn open book 245 10$aCinque mogli e sessanta film / $4c John Houston 260 $aRoma :$bEditori Riuniti,$c1982 300 $a456 p., [24] carte di tav. :$bill. ;$c22 cm 490 1 $aAlbatros 500 $aTraduzione di Paola Chiesa 700 1 $aChiesa, Paola 830 0$aAlbatros 907 $a.b13572003$b01-08-07$c31-07-07 912 $a991002733959707536 945 $aLE008 CR L VIII 22$g1$i2008000239015$lle008$o-$pE0.00$q-$rl$s-$t0$u0$v0$w0$x0$y.i14532281$z01-08-07 996 $aOpen book$94386197 997 $aUNISALENTO 998 $ale008$b31-07-07$cm$da$e-$fita$git$h0$i0